[Event "22. Copenhagen Open  (Politiken Cup)"]
[Site "Copenhagen"]
[Date "2000.07.20"]
[Round "4"]
[White "Baekgaard, Martin"]
[Black "Jorgensen, Arne Bjorn"]
[Result "1-0"]
[WhiteElo "2170"]
[BlackElo "2006"]
[PlyCount "121"]
[EventDate "2000.07.17"]
[EventType "swiss"]
[EventRounds "11"]
[EventCountry "DEN"]
[SourceDate "2004.01.01"]

1. d4 Nf6 2. c4 c5 3. d5 e5 4. Nc3 d6 5. e4 Be7 6. Bd3 Nbd7 7. Be3 Nf8 8. h3 h5
9. Qd2 Bd7 10. g3 h4 11. g4 Ng6 12. Nce2 a6 13. b4 b6 14. Nf3 Rb8 15. a4 a5 16.
bxa5 bxa5 17. Nc3 Rb4 18. Ke2 O-O 19. Rhg1 Re8 20. Ra2 Qb6 21. Ne1 Qd8 22. Kf1
Nh7 23. Nf3 Rb8 24. Nb5 Ngf8 25. Kg2 g5 26. Rb1 Ng6 27. Kh2 f6 28. Ne1 Nhf8 29.
Bc2 Nf4 30. Bxf4 exf4 31. Nf3 Ng6 32. e5 Nxe5 33. Nxe5 dxe5 34. Qd3 f5 35. gxf5
e4 36. Qxe4 Bf6 37. Qf3 Re5 38. Qh5 Qe8 39. Qf3 Qf8 40. Qg4 Rb6 41. Rg1 Kh7 42.
Nc7 Kh6 43. Ne6 Bxe6 44. fxe6 Rb4 45. Bd3 Rb3 46. Qd1 Qb8 47. Kh1 Be7 48. Re2
f3 49. Rd2 Re2 50. Rxe2 fxe2 51. Qxe2 Qf4 52. Rg4 Qf6 53. Qe4 Rxd3 54. Qxd3
Qxf2 55. d6 Bf6 56. Rg2 Qe1+ 57. Rg1 Qf2 58. Rf1 Qb2 59. Qf3 Be5 60. Qg2 Qd4
61. e7 1-0

[Event "22. Copenhagen Open  (Politiken Cup)"]
[Site "Copenhagen"]
[Date "2000.07.20"]
[Round "4"]
[White "Bohlke, Christian"]
[Black "Christensen, Stefan"]
[Result "1/2-1/2"]
[WhiteElo "2052"]
[BlackElo "2176"]
[PlyCount "59"]
[EventDate "2000.07.17"]
[EventType "swiss"]
[EventRounds "11"]
[EventCountry "DEN"]
[SourceDate "2004.01.01"]

1. e4 e6 2. d4 d5 3. e5 c5 4. c3 Nc6 5. Nf3 Qb6 6. a3 Nh6 7. b4 cxd4 8. Bxh6
gxh6 9. cxd4 Rg8 10. Nc3 Rg4 11. Na4 Rxd4 12. Nxd4 Qxd4 13. Qxd4 Nxd4 14. Rc1
Bd7 15. Nc5 a5 16. bxa5 Rxa5 17. Nxb7 Rxa3 18. Nd6+ Bxd6 19. exd6 e5 20. Be2
Ra2 21. Bd1 Bb5 22. h4 Kd7 23. Rh3 Kxd6 24. Rcc3 Bc4 25. Ra3 Rb2 26. Ra7 Nb5
27. Rxf7 d4 28. Rf8 Nc3 29. Rc8 Kd5 30. Bh5 1/2-1/2

[Event "22. Copenhagen Open  (Politiken Cup)"]
[Site "Copenhagen"]
[Date "2000.07.20"]
[Round "4"]
[White "Carstensen, Jacob"]
[Black "Nielsen, Jens Holm"]
[Result "1-0"]
[WhiteElo "2254"]
[BlackElo "2060"]
[PlyCount "69"]
[EventDate "2000.07.17"]
[EventType "swiss"]
[EventRounds "11"]
[EventCountry "DEN"]
[SourceDate "2004.01.01"]

1. d4 d5 2. c4 e6 3. Nc3 Nf6 4. cxd5 exd5 5. Bg5 Be7 6. e3 h6 7. Bf4 c6 8. Bd3
Nbd7 9. Qc2 b6 10. Nf3 Bb7 11. g4 Nf8 12. Ne5 Bd6 13. O-O-O Ne6 14. Bf5 Qe7 15.
h4 Bxe5 16. Bxe5 Nd7 17. Bg3 a6 18. g5 g6 19. Bxe6 Qxe6 20. e4 O-O 21. Rhe1
Rfe8 22. exd5 Qxe1 23. Rxe1 Rxe1+ 24. Kd2 Ree8 25. Ne4 c5 26. Nd6 Bxd5 27. Nxe8
Rxe8 28. Qa4 b5 29. Qxa6 cxd4 30. Qxb5 Be6 31. a4 Bf5 32. gxh6 Rc8 33. Qd5 Rc2+
34. Kd1 Be6 35. Qxd4 1-0

[Event "22. Copenhagen Open  (Politiken Cup)"]
[Site "Copenhagen"]
[Date "2000.07.20"]
[Round "4"]
[White "Damgaard, Sven"]
[Black "Petersen, Kim Linde"]
[Result "1/2-1/2"]
[WhiteElo "1887"]
[BlackElo "1454"]
[PlyCount "111"]
[EventDate "2000.07.17"]
[EventType "swiss"]
[EventRounds "11"]
[EventCountry "DEN"]
[SourceDate "2004.01.01"]

1. d4 e5 2. dxe5 Nc6 3. Bf4 g5 4. Bg3 Bg7 5. Nc3 Nge7 6. Qd2 Ng6 7. O-O-O Ngxe5
8. e4 h5 9. f3 Bh6 10. Kb1 h4 11. Bf2 d6 12. Be3 Be6 13. Nd5 Ng6 14. g3 Nce5
15. Qa5 c6 16. Qxd8+ Kxd8 17. Nc3 Ke7 18. Bg2 f6 19. Nge2 h3 20. Bf1 Nxf3 21.
Nd4 Nxd4 22. Bxd4 Ne5 23. Be2 g4 24. Rhf1 Rhf8 25. Rf2 Nf3 26. Bxf3 gxf3 27. b3
c5 28. Nd5+ Bxd5 29. Bxc5 dxc5 30. Rxd5 Rad8 31. Rh5 Bg5 32. Rxh3 Rh8 33. Rxh8
Rxh8 34. h4 Bxh4 35. gxh4 Rxh4 36. Rxf3 Rxe4 37. Rh3 Kd6 38. Kc1 Re7 39. Kd2 f5
40. Rd3+ Ke5 41. Ke3 Rh7 42. Rd8 Rh3+ 43. Ke2 Rh2+ 44. Kd3 Rh7 45. Ke3 b6 46.
Re8+ Kf6 47. Rf8+ Rf7 48. Rg8 Re7+ 49. Kf3 Ke5 50. Rd8 Re6 51. Ra8 a5 52. Rf8
Rd6 53. Ke3 Rh6 54. Re8+ Re6 55. Rf8 Kd6+ 56. Kd3 1/2-1/2

[Event "22. Copenhagen Open  (Politiken Cup)"]
[Site "Copenhagen"]
[Date "2000.07.20"]
[Round "4"]
[White "Dencker, Martin"]
[Black "Einarson, Erland"]
[Result "1-0"]
[WhiteElo "1331"]
[BlackElo "1100"]
[PlyCount "59"]
[EventDate "2000.07.17"]
[EventType "swiss"]
[EventRounds "11"]
[EventCountry "DEN"]
[SourceDate "2004.01.01"]

1. e4 e5 2. Nf3 Nf6 3. d3 Nc6 4. Nc3 h6 5. Be2 Bc5 6. h3 d5 7. exd5 Nxd5 8. Ne4
Bb6 9. Bd2 f5 10. Nc3 Nxc3 11. Bxc3 e4 12. Ne5 Nxe5 13. Bxe5 e3 14. Bh5+ Kf8
15. fxe3 Bxe3 16. Qf3 Bd4 17. Bxd4 Qxd4 18. Qe2 Bd7 19. O-O-O Qd5 20. Rhe1 Qd6
21. g4 g6 22. Bxg6 Qxg6 23. Qe7+ Kg8 24. Qxd7 Qg5+ 25. Kb1 fxg4 26. Rg1 h5 27.
hxg4 hxg4 28. Rdf1 Rf8 29. Rxf8+ Kxf8 30. Rf1+ 1-0

[Event "22. Copenhagen Open  (Politiken Cup)"]
[Site "Copenhagen"]
[Date "2000.07.20"]
[Round "4"]
[White "Dongart, Dennis"]
[Black "Laustsen, Lars"]
[Result "1-0"]
[WhiteElo "2138"]
[BlackElo "1974"]
[PlyCount "109"]
[EventDate "2000.07.17"]
[EventType "swiss"]
[EventRounds "11"]
[EventCountry "DEN"]
[SourceDate "2004.01.01"]

1. e4 c5 2. Nf3 d6 3. Bb5+ Bd7 4. Bxd7+ Qxd7 5. O-O Nc6 6. b3 Nf6 7. Re1 g6 8.
Bb2 Bg7 9. d4 cxd4 10. Nxd4 O-O 11. c4 Nh5 12. Qd2 Nf4 13. Qxf4 Bxd4 14. Bxd4
Nxd4 15. Qd2 e5 16. Nc3 f5 17. Ne2 Ne6 18. f4 Rad8 19. Rad1 Qf7 20. Qe3 exf4
21. Nxf4 Nxf4 22. Qxf4 fxe4 23. Qxf7+ Kxf7 24. Rxe4 Rfe8 25. Rf4+ Ke7 26. Re1+
Kd7 27. Rf7+ Kc6 28. Rxe8 Rxe8 29. Kf2 h5 30. Rf6 g5 31. Rf5 Rg8 32. Kf3 a6 33.
a4 Re8 34. Rxg5 Re1 35. Kf4 Rb1 36. Rg3 h4 37. Rd3 Rb2 38. Kf3 Kc5 39. h3 Kb4
40. Kg4 Rxb3 41. Rxd6 Rg3+ 42. Kxh4 Rxg2 43. Rb6+ Kxc4 44. Rxb7 Ra2 45. Rg7 a5
46. Rg4+ Kb3 47. Kg5 Rc2 48. Rf4 Rc5+ 49. Kg4 Rd5 50. h4 Rc5 51. h5 Rc6 52. Kg5
Rc1 53. h6 Rh1 54. Rh4 Rg1+ 55. Kf5 1-0

[Event "22. Copenhagen Open  (Politiken Cup)"]
[Site "Copenhagen"]
[Date "2000.07.20"]
[Round "4"]
[White "Eriksson, Johan"]
[Black "Schandorff, Lars"]
[Result "1/2-1/2"]
[WhiteElo "2369"]
[BlackElo "2520"]
[PlyCount "60"]
[EventDate "2000.07.17"]
[EventType "swiss"]
[EventRounds "11"]
[EventCountry "DEN"]
[SourceDate "2004.01.01"]

1. d4 Nf6 2. c4 e6 3. Nc3 d5 4. Bg5 Be7 5. e3 O-O 6. Nf3 h6 7. Bh4 b6 8. Qc2
Bb7 9. Bxf6 Bxf6 10. cxd5 exd5 11. O-O-O c6 12. Be2 Nd7 13. h4 g6 14. h5 g5 15.
e4 Re8 16. exd5 cxd5 17. Nh2 Bg7 18. Ng4 Rc8 19. Kb1 Nf6 20. Nxf6+ Qxf6 21. Bb5
Red8 22. Bd3 a6 23. Rh3 Qd6 24. Rf3 Rc7 25. Bf5 Re8 26. Qd2 Rce7 27. Bc2 Bc8
28. Bf5 Bb7 29. Bc2 Bc8 30. Bf5 Bb7 1/2-1/2

[Event "22. Copenhagen Open  (Politiken Cup)"]
[Site "Copenhagen"]
[Date "2000.07.20"]
[Round "4"]
[White "Fant, Goran"]
[Black "Lund, Silas"]
[Result "1/2-1/2"]
[WhiteElo "2062"]
[BlackElo "2261"]
[PlyCount "94"]
[EventDate "2000.07.17"]
[EventType "swiss"]
[EventRounds "11"]
[EventCountry "DEN"]
[SourceDate "2004.01.01"]

1. d4 Nf6 2. Nf3 c5 3. c3 b6 4. Bg5 Ne4 5. Bf4 e6 6. e3 Be7 7. Bd3 Bb7 8. Nbd2
Nxd2 9. Qxd2 cxd4 10. cxd4 Nc6 11. a3 O-O 12. O-O f5 13. Qe2 g5 14. Bg3 Qe8 15.
h4 g4 16. Ne5 Nxe5 17. dxe5 Qh5 18. Bb5 Rad8 19. Rad1 Bd5 20. Rd4 Bxh4 21. Qd2
Bxg3 22. fxg3 Qh6 23. Rdf4 Qg7 24. Qd4 d6 25. Rxf5 Rxf5 26. Rxf5 dxe5 27. Rxe5
Rc8 28. Bd3 Rc1+ 29. Kf2 Rd1 30. Ke2 Rg1 31. Qf4 Rxg2+ 32. Kf1 Qf7 33. Qxf7+
Kxf7 34. Rxd5 Rxb2 35. Rd7+ Kf6 36. Rxa7 h5 37. a4 Rb3 38. Rd7 Ra3 39. e4 Rxa4
40. Kf2 Ra2+ 41. Be2 b5 42. Rb7 h4 43. Rxb5 hxg3+ 44. Kxg3 Rxe2 45. Kxg4 Rxe4+
46. Kf3 Ra4 47. Ke3 e5 1/2-1/2

[Event "22. Copenhagen Open  (Politiken Cup)"]
[Site "Copenhagen"]
[Date "2000.07.20"]
[Round "4"]
[White "Ginsburg, Mark"]
[Black "De Firmian, Nick E"]
[Result "0-1"]
[WhiteElo "2402"]
[BlackElo "2567"]
[PlyCount "68"]
[EventDate "2000.07.17"]
[EventType "swiss"]
[EventRounds "11"]
[EventCountry "DEN"]
[SourceDate "2004.01.01"]

1. c4 c5 2. Nf3 Nc6 3. Nc3 e5 4. e3 Nf6 5. a3 d5 6. cxd5 Nxd5 7. Bb5 Nxc3 8.
bxc3 Bd6 9. e4 O-O 10. O-O Bd7 11. Rb1 h6 12. Re1 Qe7 13. h3 Rad8 14. Bc4 b6
15. d3 Kh8 16. Bd5 Qf6 17. Nd2 Ne7 18. Nc4 Bb8 19. Ne3 Qg6 20. Qf3 f5 21. c4
Nxd5 22. Nxd5 fxe4 23. Qxe4 Bf5 24. Qh4 Bxd3 25. Rb3 e4 26. Bb2 Rd7 27. Ne7 Qe6
28. Rxd3 Rxd3 29. g3 {#} Rxf2 30. Bxg7+ Kxg7 31. Rxe4 Bxg3 32. Nf5+ Rxf5 33.
Qg4+ Qg6 34. Re7+ Rf7 0-1

[Event "22. Copenhagen Open  (Politiken Cup)"]
[Site "Copenhagen"]
[Date "2000.07.20"]
[Round "4"]
[White "Gislason, Ingolfur"]
[Black "Nielsen, Michael B"]
[Result "1-0"]
[WhiteElo "1780"]
[BlackElo "1421"]
[PlyCount "29"]
[EventDate "2000.07.17"]
[EventType "swiss"]
[EventRounds "11"]
[EventCountry "DEN"]
[SourceDate "2004.01.01"]

1. d4 Nf6 2. c4 g6 3. Nc3 Bg7 4. e4 d6 5. Be2 O-O 6. Bg5 Nbd7 7. Qd2 c5 8. d5
a6 9. h4 Ne5 10. h5 Bg4 11. f3 Bd7 12. hxg6 Nxg6 13. Bh6 Bxh6 14. Qxh6 Kh8 15.
g4 1-0

[Event "22. Copenhagen Open  (Politiken Cup)"]
[Site "Copenhagen"]
[Date "2000.07.20"]
[Round "4"]
[White "Golod, Vitali"]
[Black "Hoi, Carsten"]
[Result "1-0"]
[WhiteElo "2590"]
[BlackElo "2408"]
[PlyCount "105"]
[EventDate "2000.07.17"]
[EventType "swiss"]
[EventRounds "11"]
[EventCountry "DEN"]
[SourceDate "2004.01.01"]

1. d4 g6 2. c4 Bg7 3. e4 d6 4. Nc3 Nc6 5. d5 Nd4 6. Be3 c5 7. Nge2 Qb6 8. Na4
Qa5+ 9. Bd2 Qd8 10. Bc3 e5 11. dxe6 Nxe6 12. Bxg7 Nxg7 13. Nac3 Nf6 14. g3 O-O
15. Bg2 a6 16. Qd2 Be6 17. b3 Qe7 18. O-O Rab8 19. a4 Rfd8 20. h3 Bd7 21. Rad1
Bc6 22. Rfe1 Nge8 23. Nf4 Nc7 24. a5 Qf8 25. Re3 Rd7 26. Rd3 Rbd8 27. h4 Nce8
28. Re1 Ng4 29. Bh3 h5 30. Bxg4 hxg4 31. Nfd5 Qg7 32. Qf4 Qe5 33. Qxg4 Nf6 34.
Qg5 Qxg5 35. hxg5 Nh7 36. f4 Kg7 37. Red1 f6 38. gxf6+ Nxf6 39. Nxf6 Kxf6 40.
Rxd6+ Rxd6 41. Rxd6+ Rxd6 42. e5+ Ke6 43. exd6 Kxd6 44. Kf2 Bd7 45. Kf3 Be6 46.
g4 Kc6 47. Nd5 Kd6 48. Kg3 g5 49. Nf6 gxf4+ 50. Kxf4 Kc6 51. g5 b5 52. axb6
Kxb6 53. g6 1-0

[Event "22. Copenhagen Open  (Politiken Cup)"]
[Site "Copenhagen"]
[Date "2000.07.20"]
[Round "4"]
[White "Grand, Hans Henrik"]
[Black "Hansen, Henrik Damgaard"]
[Result "1-0"]
[WhiteElo "2036"]
[BlackElo "1508"]
[PlyCount "127"]
[EventDate "2000.07.17"]
[EventType "swiss"]
[EventRounds "11"]
[EventCountry "DEN"]
[SourceDate "2004.01.01"]

1. e4 d5 2. exd5 Nf6 3. Bb5+ Bd7 4. Be2 Nxd5 5. d4 e6 6. Nf3 c5 7. c4 Nf6 8. d5
exd5 9. cxd5 Bd6 10. Nc3 a6 11. a4 O-O 12. Bg5 Re8 13. h3 h6 14. Bh4 Bf5 15.
O-O Nbd7 16. g4 Bh7 17. Nd2 g5 18. Bg3 Bxg3 19. fxg3 Ne5 20. Nc4 Nxc4 21. Bxc4
Qd6 22. Qf3 Kg7 23. Rf2 Bg6 24. Bd3 Re7 25. Bxg6 Kxg6 26. Raf1 Nd7 27. Qf5+ Kg7
28. Ne4 Rxe4 29. Qxe4 Qxg3+ 30. Qg2 Qxg2+ 31. Kxg2 f6 32. Re2 Ne5 33. Rd1 a5
34. d6 Rd8 35. Rd5 b6 36. d7 Kf7 37. Rd6 Nc4 38. Re8 Rxd7 39. Rxd7+ Kxe8 40.
Rb7 Kd8 41. b3 Kc8 42. Rf7 Nd2 43. Rxf6 Kc7 44. Rxh6 Nxb3 45. h4 gxh4 46. g5
Nd4 47. Rf6 Kd7 48. Rxb6 Ne6 49. g6 c4 50. Kh3 c3 51. Rb3 Nf4+ 52. Kxh4 Nxg6+
53. Kg5 c2 54. Rc3 Ne7 55. Rxc2 Kd6 56. Rb2 Nc6 57. Rb5 Ke6 58. Kf4 Ke7 59. Ke4
Ke6 60. Rh5 Kd6 61. Kd3 Ne5+ 62. Kd4 Nc6+ 63. Kc4 Ne5+ 64. Kb5 1-0

[Event "22. Copenhagen Open  (Politiken Cup)"]
[Site "Copenhagen"]
[Date "2000.07.20"]
[Round "4"]
[White "Greisen, Flemming Dahl"]
[Black "Schyberg, Brian"]
[Result "0-1"]
[WhiteElo "1488"]
[BlackElo "1924"]
[PlyCount "152"]
[EventDate "2000.07.17"]
[EventType "swiss"]
[EventRounds "11"]
[EventCountry "DEN"]
[SourceDate "2004.01.01"]

1. d4 f5 2. e3 Nf6 3. Bd3 d6 4. Qf3 g6 5. e4 Nc6 6. Ne2 fxe4 7. Bxe4 Nxe4 8. d5
Nf6 9. dxc6 bxc6 10. Qxc6+ Bd7 11. Qc3 Bg7 12. Nf4 e5 13. Nd3 O-O 14. O-O Kh8
15. Qd2 Ng4 16. Nc3 Rf5 17. Qe2 Rh5 18. h3 Qh4 19. f3 e4 20. Nxe4 Bd4+ 21. Ndf2
Nxf2 22. Nxf2 Re8 23. Qd2 Be5 24. Re1 Rf8 25. Re4 Qg3 26. f4 Bg7 27. Nh1 Qh4
28. Qf2 Qf6 29. Ng3 Rd5 30. c3 Bc6 31. Be3 Rd3 32. Rd4 Rxd4 33. cxd4 Re8 34.
Rc1 d5 35. Ne2 Re7 36. Rc3 Qd6 37. a3 Bb5 38. Rb3 c6 39. Nc3 Bc4 40. Rb4 h5 41.
Ra4 Rf7 42. Qg3 Bh6 43. Ne4 dxe4 44. Rxc4 Bxf4 45. Bxf4 Rxf4 46. Qc3 Qf6 47.
Qc1 g5 48. Rxc6 Qxd4+ 49. Kh2 e3 50. Rc8+ Kg7 51. Rc7+ Rf7 52. Rxf7+ Kxf7 53.
Qc7+ Ke6 54. Qc8+ Kd5 55. Qg8+ Ke4 56. Qg6+ Kf4 57. Qf7+ Ke5 58. Qe7+ Kf5 59.
Qh7+ Ke5 60. Qe7+ Kf5 61. Qf7+ Ke5 62. Qe7+ Kf4 63. Qf7+ Ke4 64. Qg6+ Kd5 65.
Qxg5+ Kc4 66. Qg8+ Kd3 67. Qg6+ Kd2 68. Qg5 Kc2 69. Qb5 Qd3 70. Qa4+ Kc1 71.
Qb4 e2 72. b3 Qd2 73. Qc5+ Kb2 74. Qe5+ Ka2 75. Qxh5 e1=Q 76. h4 Qf4+ 0-1

[Event "22. Copenhagen Open  (Politiken Cup)"]
[Site "Copenhagen"]
[Date "2000.07.20"]
[Round "4"]
[White "Grubert, Christian"]
[Black "Aabling Thomsen, Jakob"]
[Result "1-0"]
[WhiteElo "2060"]
[BlackElo "1589"]
[PlyCount "29"]
[EventDate "2000.07.17"]
[EventType "swiss"]
[EventRounds "11"]
[EventCountry "DEN"]
[SourceDate "2004.01.01"]

1. e4 c5 2. Nc3 e6 3. f4 d5 4. Nf3 Nc6 5. g3 Nf6 6. e5 Ne4 7. Nxe4 dxe4 8. Ng5
Qd4 9. c3 Qd5 10. Bg2 f5 11. exf6 gxf6 12. Qh5+ Kd7 13. Bxe4 Qd6 14. Nf7 Qe7
15. Nxh8 1-0

[Event "22. Copenhagen Open  (Politiken Cup)"]
[Site "Copenhagen"]
[Date "2000.07.20"]
[Round "4"]
[White "Hansen, Lars Bo"]
[Black "Heinola, Vesa"]
[Result "1-0"]
[WhiteElo "2562"]
[BlackElo "2227"]
[PlyCount "51"]
[EventDate "2000.07.17"]
[EventType "swiss"]
[EventRounds "11"]
[EventCountry "DEN"]
[SourceDate "2004.01.01"]

1. d4 Nf6 2. Nf3 g6 3. Nc3 d5 4. Bf4 c6 5. e3 Bg4 6. Be2 Nbd7 7. Ne5 Bxe2 8.
Qxe2 Qb6 9. O-O-O Bg7 10. h4 Nxe5 11. Bxe5 Rg8 12. g4 Nd7 13. Bxg7 Rxg7 14. e4
dxe4 15. Nxe4 O-O-O 16. d5 cxd5 17. Rxd5 e6 18. Rd6 Qc7 19. Rhd1 Rgg8 20. R6d4
Nb6 21. Nd6+ Kb8 22. Nb5 Rxd4 23. Nxc7 Rxd1+ 24. Qxd1 Kxc7 25. Qd2 Nc8 26. Qh6
1-0

[Event "22. Copenhagen Open  (Politiken Cup)"]
[Site "Copenhagen"]
[Date "2000.07.20"]
[Round "4"]
[White "Haugsdal, Arn Tore"]
[Black "Al Saad, Mofid"]
[Result "1-0"]
[WhiteElo "2007"]
[BlackElo "1496"]
[PlyCount "141"]
[EventDate "2000.07.17"]
[EventType "swiss"]
[EventRounds "11"]
[EventCountry "DEN"]
[SourceDate "2004.01.01"]

1. e4 c5 2. c3 Nc6 3. d4 cxd4 4. cxd4 e6 5. d5 exd5 6. exd5 Bb4+ 7. Nc3 Qe7+ 8.
Qe2 Nd4 9. Qxe7+ Nxe7 10. Kd1 O-O 11. Bc4 b5 12. Nxb5 Nxb5 13. Bxb5 Bb7 14. Nf3
Bxd5 15. Bd2 Bxf3+ 16. gxf3 Bxd2 17. Kxd2 Rab8 18. a4 a6 19. Bxa6 Rxb2+ 20. Kc3
Rb6 21. Bb5 Rc8+ 22. Kd3 Nc6 23. Rhc1 Nb4+ 24. Ke2 Nc6 25. Rd1 Re8+ 26. Kf1 Re7
27. Rd6 g6 28. Rad1 Rb7 29. Kg2 Nb8 30. f4 Kg7 31. Kf3 h5 32. h4 f6 33. f5 Re5
34. fxg6 Kxg6 35. Rg1+ Kf7 36. Bc4+ Ke7 37. Rd4 Kd8 38. Bb5 d5 39. Rg8+ Kc7 40.
Rf8 Rf5+ 41. Ke3 Kb6 42. Rf4 Re7+ 43. Kf3 Rxf4+ 44. Kxf4 Re4+ 45. Kg3 Kc7 46.
Rxf6 Re5 47. Kf4 Re7 48. Rf5 Kd6 49. Rxh5 Kc5 50. Re5 Rf7+ 51. Ke3 Nc6 52. Bxc6
Kxc6 53. h5 Kd6 54. Rg5 Kc5 55. h6 Rh7 56. Rh5 Kc4 57. Rh4+ Kc3 58. Kf4 d4 59.
Kg5 d3 60. f4 d2 61. Rh1 Kc2 62. Kg6 Ra7 63. h7 Ra6+ 64. Kg5 Ra8 65. f5 d1=Q
66. Rxd1 Kxd1 67. f6 Ke2 68. Kg6 Kf3 69. f7 Kg4 70. Kg7 Ra5 71. h8=Q 1-0

[Event "22. Copenhagen Open  (Politiken Cup)"]
[Site "Copenhagen"]
[Date "2000.07.20"]
[Round "4"]
[White "Helin, Mikael"]
[Black "Auchenberg, Einar"]
[Result "1-0"]
[WhiteElo "2066"]
[BlackElo "1692"]
[PlyCount "179"]
[EventDate "2000.07.17"]
[EventType "swiss"]
[EventRounds "11"]
[EventCountry "DEN"]
[SourceDate "2004.01.01"]

1. e4 Nc6 2. c4 e6 3. Nc3 g6 4. g3 b6 5. a3 Bb7 6. Bg2 Nd4 7. Nge2 Bg7 8. O-O
f5 9. f3 c5 10. exf5 gxf5 11. Rb1 h5 12. b4 cxb4 13. axb4 h4 14. Nf4 hxg3 15.
h3 Qf6 16. Qe1 Qh6 17. Qxg3 Ne7 18. d3 Bf6 19. Nxe6 dxe6 20. Bxh6 Rxh6 21. Nb5
Ne2+ 22. Kh2 Nxg3 23. Kxg3 Rg6+ 24. Kh2 Be5+ 25. Kh1 a6 26. Na3 Kf7 27. Nc2
Rag8 28. Rf2 Bg3 29. Re2 f4 30. c5 Nf5 31. b5 axb5 32. Rxb5 Ba6 33. Rxb6 Bxd3
34. Rd2 Bxc2 35. c6 Ne3 36. c7 Be1 37. Rd7+ Kf6 38. Rb8 Rxg2 39. Rxg8 Rxg8 40.
Rd8 Rg3 41. c8=Q Rxh3+ 42. Kg1 Rg3+ 43. Kh2 Rg2+ 44. Kh1 Bg6 45. Rf8+ Bf7 46.
Qc7 Rg7 47. Qxf4+ Nf5 48. Rh8 Bg3 49. Qd2 Be5 50. Qd8+ Kg6 51. Kg2 Bf6 52. Qd3
e5 53. Kf2 Be7 54. Rh2 Bc5+ 55. Ke1 Kf6 56. Qd8+ Be7 57. Qb6+ Be6 58. Re2 Nd4
59. Rf2 Rg1+ 60. Kd2 Nb3+ 61. Kc3 Rc1+ 62. Kb2 Rc8 63. f4 Bc5 64. fxe5+ Ke7 65.
Qb7+ Kd8 66. Rf4 Bd4+ 67. Rxd4+ Nxd4 68. Qb6+ Ke7 69. Qxd4 Rb8+ 70. Ka3 Rb3+
71. Ka4 Rh3 72. Qd6+ Kf7 73. Qc7+ Ke8 74. Qc5 Rd3 75. Qg1 Rb3 76. Qg6+ Ke7 77.
Qf6+ Kd7 78. Qf8 Rd3 79. Qg7+ Kc6 80. Qe7 Rd4+ 81. Ka3 Rd3+ 82. Kb2 Rb3+ 83.
Kc2 Bc4 84. Qd6+ Kb5 85. e6 Rd3 86. Qb8+ Kc5 87. e7 Kd4 88. Qd6+ Bd5 89. Qxd5+
Kxd5 90. Kxd3 1-0

[Event "22. Copenhagen Open  (Politiken Cup)"]
[Site "Copenhagen"]
[Date "2000.07.20"]
[Round "4"]
[White "Henrichsen, Jens"]
[Black "Drejer, Hans Ulrik"]
[Result "1-0"]
[WhiteElo "2046"]
[BlackElo "1680"]
[PlyCount "115"]
[EventDate "2000.07.17"]
[EventType "swiss"]
[EventRounds "11"]
[EventCountry "DEN"]
[SourceDate "2004.01.01"]

1. d4 d5 2. Nf3 e6 3. c4 Nf6 4. Bg5 h6 5. Bh4 Be7 6. e3 O-O 7. Nc3 b6 8. Rc1
Ba6 9. Ne5 c5 10. Be2 Qc7 11. Bxf6 Bxf6 12. cxd5 Bxe5 13. dxe5 Qxe5 14. dxe6
Qxe6 15. Bg4 Qg6 16. Bh5 Qe6 17. Qd5 Nc6 18. Qxe6 fxe6 19. Be2 Bxe2 20. Kxe2
Rad8 21. Rhd1 Nb4 22. f3 Nd5 23. Ne4 Rd7 24. Rd2 Rfd8 25. Rcd1 Kf7 26. Nf2 Ke7
27. g3 c4 28. Ne4 b5 29. Rd4 a5 30. f4 g6 31. g4 Nxf4+ 32. Kf3 Nd3 33. Rxd7+
Rxd7 34. Rb1 g5 35. Ke2 b4 36. h3 Rd5 37. a3 Re5 38. Nd2 Nxb2 39. Nf3 Rc5 40.
Rxb2 c3 41. Rb1 c2 42. Rc1 b3 43. Kd2 Rd5+ 44. Kc3 Rd1 45. Kb2 Kd6 46. Nd4 Rxc1
47. Kxc1 a4 48. Nb5+ Kc5 49. Nc3 Kc4 50. Nxa4 e5 51. Kd2 Kd5 52. Nc3+ Kc4 53.
Ne2 Kb5 54. Kc3 Ka4 55. Kb2 e4 56. Nc1 Kb5 57. Kxb3 Kc5 58. Kxc2 1-0

[Event "22. Copenhagen Open  (Politiken Cup)"]
[Site "Copenhagen"]
[Date "2000.07.20"]
[Round "4"]
[White "Hoff, Terje"]
[Black "Palo, Davor"]
[Result "0-1"]
[WhiteElo "2051"]
[BlackElo "2213"]
[PlyCount "94"]
[EventDate "2000.07.17"]
[EventType "swiss"]
[EventRounds "11"]
[EventCountry "DEN"]
[SourceDate "2004.01.01"]

1. d4 Nf6 2. c4 e6 3. Nc3 Bb4 4. Qc2 d5 5. e3 O-O 6. Nf3 b6 7. cxd5 exd5 8. Bd3
Bb7 9. a3 Be7 10. Ne5 c5 11. O-O Nc6 12. Nxc6 Bxc6 13. Ba6 Rb8 14. Bd3 c4 15.
Bf5 b5 16. Rd1 g6 17. Bh3 Ne4 18. Nxe4 dxe4 19. Bd2 Bd5 20. f3 f5 21. f4 Bd6
22. Be1 h5 23. Qf2 a5 24. g3 Rf7 25. Bf1 Qb6 26. Rdc1 Rc7 27. Rc2 Rbc8 28. h3
b4 29. axb4 axb4 30. g4 hxg4 31. hxg4 Bf8 32. Qg3 Rg7 33. Rh2 Rcc7 34. Rh6 Rgf7
35. Rh2 Rg7 36. Rh6 Rgf7 37. Rh2 Rg7 38. Rh6 c3 39. bxc3 bxc3 40. Bxc3 Rxc3 41.
Ra6 Qxd4 42. Rh3 Qd1 43. Qh4 Qxg4+ 44. Qxg4 fxg4 45. Rg3 Bc5 46. Kf2 Rc2+ 47.
Ke1 Rc1+ 0-1

[Event "22. Copenhagen Open  (Politiken Cup)"]
[Site "Copenhagen"]
[Date "2000.07.20"]
[Round "4"]
[White "Howe, Dennis"]
[Black "Roder, Peter Ulrik"]
[Result "1/2-1/2"]
[WhiteElo "2015"]
[BlackElo "2167"]
[PlyCount "20"]
[EventDate "2000.07.17"]
[EventType "swiss"]
[EventRounds "11"]
[EventCountry "DEN"]
[SourceDate "2004.01.01"]

1. e4 c5 2. Nf3 d6 3. d4 cxd4 4. Nxd4 Nf6 5. Nc3 g6 6. Bc4 Bg7 7. O-O O-O 8.
Bb3 Nc6 9. Be3 Bd7 10. f3 Na5 1/2-1/2

[Event "22. Copenhagen Open  (Politiken Cup)"]
[Site "Copenhagen"]
[Date "2000.07.20"]
[Round "4"]
[White "Jensen, Dan Bronnum"]
[Black "Madhy, Nezar"]
[Result "1/2-1/2"]
[WhiteElo "1438"]
[BlackElo "1682"]
[PlyCount "83"]
[EventDate "2000.07.17"]
[EventType "swiss"]
[EventRounds "11"]
[EventCountry "DEN"]
[SourceDate "2004.01.01"]

1. e4 c5 2. Nf3 d6 3. b4 cxb4 4. a3 bxa3 5. Bxa3 Bg4 6. Be2 Nc6 7. O-O Nf6 8.
Nc3 g6 9. d4 a6 10. d5 Bxf3 11. Bxf3 Ne5 12. Be2 Bg7 13. Kh1 Rc8 14. Bb2 Nc4
15. Bxc4 Rxc4 16. f3 O-O 17. Ne2 Qc7 18. c3 Nd7 19. Ra3 a5 20. Qd2 b5 21. Rfa1
Ra8 22. Rc1 Rc8 23. h3 Nc5 24. Nd4 Qb6 25. Nc6 Rxc6 26. dxc6 Qxc6 27. Qd5 Qxd5
28. exd5 Nd3 29. Rb1 Nxb2 30. Rxb2 Bxc3 31. Rxb5 Bb4 32. Re3 Rc7 33. Re2 Ra7
34. Rb8+ Kg7 35. g4 f6 36. h4 Bc5 37. Re8 Kf7 38. Rh8 Kg7 39. Rb8 a4 40. Re8
Kf7 41. Rh8 Kg7 42. Re8 1/2-1/2

[Event "22. Copenhagen Open  (Politiken Cup)"]
[Site "Copenhagen"]
[Date "2000.07.20"]
[Round "4"]
[White "Jensen, Michael Bremerskov"]
[Black "Hamann, Steffen"]
[Result "1-0"]
[WhiteElo "1358"]
[BlackElo "1638"]
[PlyCount "45"]
[EventDate "2000.07.17"]
[EventType "swiss"]
[EventRounds "11"]
[EventCountry "DEN"]
[SourceDate "2004.01.01"]

1. d4 Nf6 2. c4 e6 3. Nf3 d5 4. e3 c5 5. dxc5 Qa5+ 6. Nc3 Ne4 7. Bd2 Nxd2 8.
Qxd2 dxc4 9. Bxc4 Qxc5 10. b3 a6 11. O-O Be7 12. Rac1 O-O 13. Rfd1 Nc6 14. Ne4
Qa7 15. Qb2 h6 16. Ne5 Na5 17. Be2 f5 18. Ng6 fxe4 19. Nxe7+ Kh7 20. Qe5 b5 21.
Rc7 Bb7 22. Nc6 Nxc6 23. Qxg7# 1-0